LEADER 02271nam 22006014a 450 001 9910781000003321 005 20171026195700.0 010 $a1-282-49574-7 010 $a9786612495748 010 $a0-472-02308-X 024 7 $a10.3998/mpub.12664 035 $a(CKB)2520000000006854 035 $a(OCoLC)608108543 035 $a(CaPaEBR)ebrary10367596 035 $a(SSID)ssj0000415569 035 $a(PQKBManifestationID)11273625 035 $a(PQKBTitleCode)TC0000415569 035 $a(PQKBWorkID)10416088 035 $a(PQKB)10397387 035 $a(MiU)10.3998/mpub.12664 035 $a(MiAaPQ)EBC3414656 035 $a(EXLCZ)992520000000006854 100 $a20040722d2005 uy 0 101 0 $aeng 135 $aur|||---||||| 181 $ctxt$2rdacontent 182 $cc$2rdamedia 183 $acr$2rdacarrier 200 10$aDefensive internationalism $eproviding public goods in an uncertain world /$fDavis B. Bobrow & Mark A. Boyer 210 1$aAnn Arbor :$cUniversity of Michigan Press,$dc2005. 215 $a1 online resource (424 p.) 300 $aBibliographic Level Mode of Issuance: Monograph 311 $a0-472-06879-2 320 $aIncludes bibliographical references (p. 377-405) and index. 327 $aUnderstanding defensive internationalism: black, white, or shades of gray -- Clubs, identities, and institutions: a tale of overlapping interests -- Domestic support for contributions: how stable and strong? -- International development assistance -- International debt management and relief -- United Nations peacekeeping operations -- Pursuing international environmental quality -- A global prognosis of muted optimism? 606 $aInternationalism 606 $aEconomic assistance 606 $aPublic goods 606 $aSecurity, International 615 0$aInternationalism. 615 0$aEconomic assistance. 615 0$aPublic goods. 615 0$aSecurity, International. 676 $a327.1 700 $aBobrow$b Davis$01569776 702 $aBoyer$b Mark A 712 02$aMichigan Publishing (University of Michigan) 801 0$bMiU 801 1$bMiU 906 $aBOOK 912 $a9910781000003321 996 $aDefensive internationalism$93842863 997 $aUNINA LEADER 03382nam 22006615 450 001 9910338055903321 005 20240701122708.0 010 $a9783030005399 010 $a3030005399 024 7 $a10.1007/978-3-030-00539-9 035 $a(CKB)4100000006995963 035 $a(MiAaPQ)EBC5529945 035 $a(DE-He213)978-3-030-00539-9 035 $a(PPN)24137071X 035 $a(Perlego)3494929 035 $a(EXLCZ)994100000006995963 100 $a20180929d2019 u| 0 101 0 $aeng 135 $aurcnu|||||||| 181 $ctxt$2rdacontent 182 $cc$2rdamedia 183 $acr$2rdacarrier 200 14$aThe Kurds in a New Middle East $eThe Changing Geopolitics of a Regional Conflict /$fby Cengiz Gunes 205 $a1st ed. 2019. 210 1$aCham :$cSpringer International Publishing :$cImprint: Palgrave Macmillan,$d2019. 215 $a1 online resource (130 pages) 225 1 $aPalgrave pivot 311 0 $a9783030005382 311 0 $a3030005380 320 $aIncludes bibliographical references and index. 327 $a1. The Kurdish Resurgence in a Changing Middle East -- 2. The Kurdish Conflict in Iraq: Towards a Sustainable Solution -- 3. Turkey's Kurdish Conflict: The Sudden Reversal of Gradual Progress -- 4. The Syrian Conflict and Kurdish Ascendency -- 5. The Transformation of Iran's Kurdish Conflict -- 6. Kurdish Prospects in a Volatile Middle East. 330 $aThis book examines the Kurds' rise as new regional actors in the Middle East and the impact this is having on the regional order. Kurdish political activism has reached a new height in the beginning of 21st Century with Kurdish movements in Iraq, Turkey and Syria establishing themselves as a significant force in the domestic politics of these states. The consolidation of Kurdish autonomy in Iraq and the establishment of a Kurdish de facto autonomous region within Syria is adding to the Kurds' growing influence in the region and enabling Kurds to forge stronger relations with regional and international forces. The author analyses recent developments in the Kurdish question in Turkey, Iran, Iraq and Syria to understand the inter-connections and inter-dependencies that exist in the transnational Kurdish political space. The book's policy relevance is likely to attract strong interest from policy makers as well as from academics and students in the fields of Middle Eastern Politics and International Relations. . 410 0$aPalgrave pivot 606 $aMiddle East$xPolitics and government 606 $aRegionalism 606 $aEthnology$zMiddle East 606 $aCulture 606 $aInternational relations 606 $aMiddle Eastern Politics 606 $aRegionalism 606 $aMiddle Eastern Culture 606 $aForeign Policy 615 0$aMiddle East$xPolitics and government. 615 0$aRegionalism. 615 0$aEthnology 615 0$aCulture. 615 0$aInternational relations. 615 14$aMiddle Eastern Politics. 615 24$aRegionalism. 615 24$aMiddle Eastern Culture. 615 24$aForeign Policy. 676 $a305.800956 676 $a956.00491597 700 $aGunes$b Cengiz$4aut$4http://id.loc.gov/vocabulary/relators/aut$0920326 906 $aBOOK 912 $a9910338055903321 996 $aThe Kurds in a New Middle East$92500629 997 $aUNINA